000 00303nam a22001217a 4500
008 181017b xxu||||| |||| 00| 0 eng d
041 _aeng
080 _29 ED
_a510
100 _a37
101 _aMAT
245 _aCalculus For Business And Social Life Sciences
_cHoffman.L.D
942 _2udc
_cBK
999 _c50002
_d50002